| 000 | 00660nam a2200217 a 4500 | ||
|---|---|---|---|
| 005 | 20140310182408.0 | ||
| 008 | 050922s19uu xx 00 eng d | ||
| 020 | _a0451524934 | ||
| 050 |
_aPR 6029 _b.Or79 1977 |
||
| 100 | _aOrwell, George | ||
| 245 |
_a1984 / _ca novel by George Orwell ; with an afterword by Erich Fromm. |
||
| 260 |
_aNew York : _bNew American Library, _c1977. |
||
| 300 |
_a268 p. : _c18 cm. |
||
| 500 | _a" A Signet Classic". | ||
| 650 | _aInternational Baccalaureate. | ||
| 650 | _aHistorical novels. | ||
| 650 | _aNineteen eighty four. Fiction. | ||
| 650 | _aNegative Utopia. Fiction. | ||
| 942 |
_cBK _2lcc |
||
| 999 |
_c12779 _d12779 |
||